Some Asterisms - Astronomy - Statistics

General Stats
  • This quiz has been taken 5 times
  • The average score is 9 of 16
Answer Stats
Picture Hint Answer % Correct
Ursa Major The Big Dipper
100%
Orion The Orion's Belt
75%
Cygnus, Lyra, Aquila The Summer Triangle
75%
Sagittarius The Teapot
75%
Orion, Canis Major, Canis Minor, Gemini, Auriga, Taurus The Winter Hexagon
75%
Orion, Canis Major, Canis Minor The Winter Triangle
75%
Pegasus The Great Square
50%
Bootes The Kite
50%
Cygnus The Northern Cross
50%
Leo The Sickle
50%
Bootes, Leo, Virgo The Spring Triangle
50%
Carina The Diamond Cross
25%
Vela, Carina The False Cross
25%
Scorpius The Fish Hook
25%
Herculesus The Keystone
25%
Ursa Major The Three Leaps of the Gazelle
25%
No matching quizzes found
Score Distribution
Percent of People with Each Score
Percentile by Number Answered
Your Score History
You have not taken this quiz